<?xml version="1.0" encoding="UTF-8"?>
<collection xmlns="http://www.loc.gov/MARC21/slim">
 <record>
  <leader>06013nam a2200385 a 4500</leader>
  <controlfield tag="001">kal1131</controlfield>
  <controlfield tag="003">Gr-AtHEAL</controlfield>
  <controlfield tag="005">20160422073930.0</controlfield>
  <controlfield tag="006">m        d        </controlfield>
  <controlfield tag="008">160413s2015    gr      s           gre|c</controlfield>
  <datafield tag="020" ind1=" " ind2=" ">
   <subfield code="a">9789606032578</subfield>
  </datafield>
  <datafield tag="040" ind1=" " ind2=" ">
   <subfield code="a">GR-AtHEAL</subfield>
   <subfield code="b">gre</subfield>
   <subfield code="c">GR-AtHEAL</subfield>
  </datafield>
  <datafield tag="082" ind1="0" ind2="4">
   <subfield code="a">510</subfield>
   <subfield code="2">23</subfield>
  </datafield>
  <datafield tag="100" ind1="1" ind2=" ">
   <subfield code="a">Τσίτσας, Νικόλαος.</subfield>
   <subfield code="8">991</subfield>
  </datafield>
  <datafield tag="245" ind1="1" ind2="0">
   <subfield code="a">Εφαρμοσμένα μαθηματικά</subfield>
   <subfield code="h">[Ηλεκτρονικός πόρος] </subfield>
   <subfield code="b">Διαφορικές εξισώσεις, μιγαδικές συναρτήσεις και ολοκληρωτικοί μετασχηματισμοί</subfield>
   <subfield code="c">Τσίτσας, Νικόλαος ; Κριτικός αναγνώστης,Φραντζεσκάκης, Δημήτριος.</subfield>
  </datafield>
  <datafield tag="260" ind1=" " ind2=" ">
   <subfield code="a">Αθήνα :</subfield>
   <subfield code="b">Σύνδεσμος Ελληνικών Ακαδημαϊκών Βιβλιοθηκών,</subfield>
   <subfield code="c">c2015.</subfield>
  </datafield>
  <datafield tag="490" ind1=" " ind2=" ">
   <subfield code="a">Ακαδημαϊκά Ηλεκτρονικά Συγγράμματα και Βοηθήματα Κάλλιπος</subfield>
   <subfield code="8">40</subfield>
  </datafield>
  <datafield tag="520" ind1=" " ind2=" ">
   <subfield code="a">Το περιεχόμενο του βιβλίου αυτού αποτελεί μία ενοποιημένη παρουσίαση των εννοιών, των μεθόδων και των αποτελεσμάτων των Συνήθων Διαφορικών Εξισώσεων, των Μιγαδικών Συναρτήσεων, και των Μετασχηματισμών Fourier, όπου διαμορφώνονται τα γενικά πλαίσια εντός των οποίων διατυπώνονται, ερμηνεύονται και αναλύονται διάφορες σχετικές σημαντικές εφαρμογές στις φυσικές και τεχνολογικές επιστήμες και στην επιστήμη της Πληροφορικής.Η ύλη του βιβλίου κατανέμεται σε τρία μέρη: Ι. Συνήθεις Διαφορικές Εξισώσεις, ΙΙ. Μιγαδικές Συναρτήσεις, ΙΙΙ. Σειρές και Μετασχηματισμοί Fourier.Οι Διαφορικές Εξισώσεις αποτελούν ένα εκτεταμένο πεδίο στα καθαρά και στα εφαρμοσμένα Μαθηματικά καθώς και στις εφαρμογές τους. Στα καθαρά Μαθηματικά επικεντρώνονται στη μελέτη ύπαρξης και μοναδικότητας λύσεων ενώ στα εφαρμοσμένα δίνεται έμφαση σε μεθοδολογίες υπολογισμού των λύσεων. Οι Διαφορικές Εξισώσεις παίζουν επίσης σπουδαίο ρόλο στη μαθηματική μοντελοποίηση φυσικών, τεχνολογικών και βιολογικών διαδικασιώνΗ θεωρία Μιγαδικών Συναρτήσεων είναι μία από τις πιο γοητευτικές περιοχές των Μαθηματικών. Πολλές από τις πιο ισχυρές τεχνικές οι οποίες χρησιμοποιούνται για τη διατύπωση και τη μελέτη των εφαρμογών των Μαθηματικών σε άλλες επιστήμες βασίζονται στη θεωρία Μιγαδικών Συναρτήσεων. Μεταξύ των σκοπών του βιβλίου είναι η παρουσίαση μίας ευρείας κλάσης εφαρμογών και η διεξοδική επεξεργασία τεχνικών των Μιγαδικών Συναρτήσεων οι οποίες χρησιμοποίουνται για τη μοντελοποίησή τους. Η έννοια του μετασχηματισμού Fourier συνίσταται σε ολοκληρωτική αναπαράσταση συναρτήσεων και αποτελεί επέκταση της αναπαράστασης συναρτήσεων με τη βοήθεια σειρών Fourier. Οι μετασχηματισμοί Fourier έχουν πολλές εφαρμογές στις θετικές επιστήμες και την τεχνολογία και στην πράξη χρησιμοποιούνται για το μετασχηματισμό συναρτήσεων ανάμεσα στο πεδίο του χρόνου ή του χώρου και στο πεδίο των συχνοτήτων.</subfield>
  </datafield>
  <datafield tag="650" ind1=" " ind2="0">
   <subfield code="a">Mathematics</subfield>
   <subfield code="8">2030</subfield>
  </datafield>
  <datafield tag="653" ind1=" " ind2=" ">
   <subfield code="a">Μετασχηματισμός Λαπλάς</subfield>
  </datafield>
  <datafield tag="653" ind1=" " ind2=" ">
   <subfield code="a">Μετασχηματισμός Φουριέρ</subfield>
  </datafield>
  <datafield tag="653" ind1=" " ind2=" ">
   <subfield code="a">Μιγαδικές συναρτήσεις</subfield>
  </datafield>
  <datafield tag="653" ind1=" " ind2=" ">
   <subfield code="a">Διαφορικές εξισώσεις</subfield>
  </datafield>
  <datafield tag="653" ind1=" " ind2=" ">
   <subfield code="a">Μαθηματικά</subfield>
   <subfield code="a">Αριθμητική ανάλυση</subfield>
   <subfield code="a">Συνήθεις διαφορικές εξισώσεις</subfield>
  </datafield>
  <datafield tag="653" ind1=" " ind2=" ">
   <subfield code="a">Μαθηματικά</subfield>
   <subfield code="a">Διαφορικές εξισώσεις με μερικές παραγώγους</subfield>
   <subfield code="a">Γενικές εξισώσεις και συστήματα ανώτερης τάξης</subfield>
  </datafield>
  <datafield tag="653" ind1=" " ind2=" ">
   <subfield code="a">Μαθηματικά</subfield>
   <subfield code="a">Συνήθεις διαφορικές εξισώσεις</subfield>
   <subfield code="a">Γενική θεωρία διαφορικών εξισώσεων</subfield>
  </datafield>
  <datafield tag="653" ind1=" " ind2=" ">
   <subfield code="a">Μαθηματικά</subfield>
   <subfield code="a">Συναρτήσεις μιας μιγαδικής μεταβλητής</subfield>
   <subfield code="a">Αναπτύγματα σειρών</subfield>
  </datafield>
  <datafield tag="653" ind1=" " ind2=" ">
   <subfield code="a">Μαθηματικά</subfield>
   <subfield code="a">Συναρτήσεις μιας μιγαδικής μεταβλητής</subfield>
  </datafield>
  <datafield tag="653" ind1=" " ind2=" ">
   <subfield code="a">Μαθηματικά</subfield>
  </datafield>
  <datafield tag="700" ind1="1" ind2=" ">
   <subfield code="a">Φραντζεσκάκης, Δημήτριος</subfield>
   <subfield code="e">Κριτικός αναγνώστης</subfield>
   <subfield code="8">992</subfield>
  </datafield>
  <datafield tag="856" ind1="4" ind2="0">
   <subfield code="u">http://hdl.handle.net/11419/1131</subfield>
   <subfield code="z">Πλήρες Κείμενο - Full text</subfield>
  </datafield>
  <datafield tag="907" ind1=" " ind2=" ">
   <subfield code="a">.b25679338</subfield>
   <subfield code="b">12-06-18</subfield>
   <subfield code="c">29-07-16</subfield>
  </datafield>
  <datafield tag="949" ind1=" " ind2=" ">
   <subfield code="0">0</subfield>
   <subfield code="1">0</subfield>
   <subfield code="2">ddc</subfield>
   <subfield code="4">0</subfield>
   <subfield code="6">510_000000000000000_ΤΣΙ</subfield>
   <subfield code="7">0</subfield>
   <subfield code="8">KALL</subfield>
   <subfield code="8">692</subfield>
   <subfield code="d">2016-04-13</subfield>
   <subfield code="r">2016-04-13</subfield>
   <subfield code="w">2016-04-13</subfield>
   <subfield code="z">510 ΤΣΙ</subfield>
   <subfield code="o">SEAB KALLIPOS</subfield>
  </datafield>
  <datafield tag="998" ind1=" " ind2=" ">
   <subfield code="a">80</subfield>
   <subfield code="a">01</subfield>
   <subfield code="a">02</subfield>
   <subfield code="a">03</subfield>
   <subfield code="a">04</subfield>
   <subfield code="a">05</subfield>
   <subfield code="a">06</subfield>
   <subfield code="a">07</subfield>
   <subfield code="a">08</subfield>
   <subfield code="a">09</subfield>
   <subfield code="a">10</subfield>
   <subfield code="a">11</subfield>
   <subfield code="a">12</subfield>
   <subfield code="a">13</subfield>
   <subfield code="a">14</subfield>
   <subfield code="a">15</subfield>
   <subfield code="a">16</subfield>
   <subfield code="a">17</subfield>
   <subfield code="a">18</subfield>
   <subfield code="a">19</subfield>
   <subfield code="a">20</subfield>
   <subfield code="a">21</subfield>
   <subfield code="a">23</subfield>
   <subfield code="a">24</subfield>
   <subfield code="a">25</subfield>
   <subfield code="a">26</subfield>
   <subfield code="b">16-05-17</subfield>
   <subfield code="c">m</subfield>
   <subfield code="d">z  </subfield>
   <subfield code="e">-</subfield>
   <subfield code="f">gre</subfield>
   <subfield code="g">gr </subfield>
   <subfield code="h">0</subfield>
  </datafield>
  <datafield tag="942" ind1=" " ind2=" ">
   <subfield code="2">ddc</subfield>
   <subfield code="c">KALLIPOS</subfield>
  </datafield>
 </record>
</collection>
